Chansons de Linkin Park - Mort Subite - Statistiques

Statistiques générales
  • Ce quiz a été pris 455 fois
  • Le résultat moyen est 15 sur 20
Answers on the Grid
Answers color-coded by a green-red scale on the quiz's grid according to % correct below.
Alive
Black Hole Sun
Bleed It Out
Breaking The Habit
Crawling
Don't Stay
Dumb
Faint
From The Inside
Gimme The Prize
Given Up
Goodbye Blue Sky
Heart-Shaped Box
Heavy Is The Crown
Heroes
If You Can't Beat Them
In The End
Keep Youself Alive
Milk It
Mother Love
November Rain
Numb
One Step Closer
Over Each Other
Papercut
Runaway
Shadow Of The Day
Somewhere I Belong
Teenage Wildlife
The Emptiness Machine
Waiting For The End
What I've Done
With You
 
Statistiques - réponses
Réponse % Correct
Breaking The Habit
85%
Crawling
85%
In The End
85%
Faint
84%
Numb
84%
Bleed It Out
82%
What I've Done
80%
Somewhere I Belong
79%
The Emptiness Machine
77%
Heavy Is The Crown
75%
One Step Closer
74%
Papercut
74%
From The Inside
71%
Given Up
69%
Don't Stay
64%
Shadow Of The Day
63%
Runaway
62%
Over Each Other
58%
Waiting For The End
58%
With You
51%
Aucun quiz correspondant
Distribution des résultats
% des personnes avec chaque résultat
Percentile par nombre de réponses
Votre historique - résultats
Vous n’avez pas pris ce quiz